Fr. Conceicao Rodrigues College of Engineering

Basic Mathematics (Record no. 35954)

MARC details
000 -LEADER
fixed length control field 00399nam a2200169 4500
003 - CONTROL NUMBER IDENTIFIER
control field OSt
005 - DATE AND TIME OF LATEST TRANSACTION
control field 20230914113803.0
008 - FIXED-LENGTH DATA ELEMENTS--GENERAL INFORMATION
fixed length control field 230914b |||||||| |||| 00| 0 eng d
020 ## - INTERNATIONAL STANDARD BOOK NUMBER
International Standard Book Number 9789355854575
040 ## - CATALOGING SOURCE
Transcribing agency Complimentary
050 ## - LIBRARY OF CONGRESS CALL NUMBER
Classification number 510/SHI/NIR
082 ## - DEWEY DECIMAL CLASSIFICATION NUMBER
Edition number IST
Classification number 510/SHI/NIR
245 ## - TITLE STATEMENT
Title Basic Mathematics
250 ## - EDITION STATEMENT
Edition statement Ist
260 ## - PUBLICATION, DISTRIBUTION, ETC.
Place of publication, distribution, etc. Pune
Name of publisher, distributor, etc. Technical Publication
942 ## - ADDED ENTRY ELEMENTS (KOHA)
Source of classification or shelving scheme Dewey Decimal Classification
Suppress in OPAC No
Koha item type BOOK

No items available.